00833nam a22002537a 45000010005000000030006000050050017000110080041000280200018000690400029000870500016001160820010001321000022001422450052001642600055002163000053002714900025003245050008003495200124003575210029004815210020005106500025005307000024005558488FISKH20250915152825.0250915b cb ||||| |||| 00| 0 eng d a9781615904990 aFISKHbengcFISKHdFISKH aBF469 .M573 a591.3 aMitten, Luana K.  aGood night, sleep tight / cBy Luana K. Mitten  aVero Beach, Florida :bRourke Publishing , c2011. a24 pages : bcolor illustrations ;c20 x 20 cm . aAnimal Babies and Me aD  aThis charming book will engage the very young child and the emergent reader as they discover where young animals sleep.8 a160 bLexile estimate 8 aD bRaz-Plus  aAnimalsvNon-fiction aGreve, MegeEditor